| 000 | 00360nam a2200157Ia 4500 | ||
|---|---|---|---|
| 003 | OSt | ||
| 005 | 20240311104822.0 | ||
| 008 | 170523s9999 xx 000 0 und d | ||
| 020 | _a978-1259569562 | ||
| 040 | _ciimtu meerut | ||
| 100 | _aHILTON- RONALD W | ||
| 245 | 0 | _aMANGERIAL ACCOUNTING | |
| 260 | _bTATA MC GRAW HILL | ||
| 260 | _c2002 | ||
| 942 |
_2ddc _c02 |
||
| 999 |
_c1303 _d1303 |
||